| 000 | 03838nam0a2200445 4500 | ||
|---|---|---|---|
| 001 | RU\NLR\bibl\797230 | ||
| 005 | 20260407113054.0 | ||
| 021 |
_aRU _b2005-5740 _9290 |
||
| 035 | _a(NLR Aleph) 000786429 | ||
| 090 |
_a1094442 _c1094442 |
||
| 100 | _a20050511d2004 |||y0rusy50 ca | ||
| 101 | 0 |
_arus _aost _deng |
|
| 102 | _aRU | ||
| 105 | _aa ||||||||| | ||
| 200 | 1 |
_aМатериалы Международной научной конференции "Сохранение традиционной культуры коренных малочисленных народов Севера и проблема устойчивого развития", г. Ханты-Мансийск, 23-26 июня 2003 г. _dMaterials of international scientific conference "Preservation of the traditional culture of the small-numbered peoples of the North and the problem of their stable development", Khanty-Mansiysk, 23-26 june 2003 _zeng |
|
| 210 |
_aМосква _cНаучно-исследовательский институт угроведения _d2004 |
||
| 215 |
_a659, [1] с. _d21 |
||
| 300 | _aНа обл.: Сохранение традиционной культуры коренных малочисленных народов Севера и проблема устойчивого развития: материалы Международной научной конференции, г. Ханты-Мансийск, 23-26 июня 2003 г. | ||
| 300 | _aВ надзаг.: ООН по вопр. образования, науки и культуры, Комис. РФ по делам ЮНЕСКО, Правительство Ханты-Мансийского автоном. округа [и др.] | ||
| 300 | _aЧасть текста на хантыйск. яз. | ||
| 300 | _aРез. на англ. яз. | ||
| 320 | _aБиблиогр. в конце ст. | ||
| 510 | 0 |
_aMaterials of international scientific conference "Preservation of the traditional culture of the small-numbered peoples of the North and the problem of their stable development", Khanty-Mansiysk, 23-26 june 2003 _zeng |
|
| 512 | 1 |
_aСохранение традиционной культуры коренных малочисленных народов Севера и проблема устойчивого развития _eматериалы Международной научной конференции, г. Ханты-Мансийск, 23-26 июня 2003 г. |
|
| 606 | 1 |
_aНароды Севера _jСъезды, совещания и т.п. _xИстория _91701279 _3RU\NLR\auth\66757334 |
|
| 606 | 1 |
_aЯзыки народов Севера России _jСборники _92198101 _3RU\NLR\auth\661321009 |
|
| 606 | 1 |
_aЯзыки народов Севера России _jСъезды, совещания и т.п. _92198101 _3RU\NLR\auth\661321009 |
|
| 606 | 1 |
_aЛитература народов Севера Российской Федерации _jСборники _92252254 _3RU\NLR\auth\661350874 |
|
| 606 | 1 |
_aЛитература народов Севера Российской Федерации _jСъезды, совещания и т.п. _92252254 _3RU\NLR\auth\661350874 |
|
| 686 | _aТ3(2Р1)я431 | ||
| 686 | _aШ12/17(231)я431 | ||
| 686 | _aШ12/17(251)я431 | ||
| 686 | _aШ5(231)я431 | ||
| 710 | 1 | 2 |
_4070 _a"Сохранение традиционной культуры коренных и малочисленных народов Севера и проблема устойчивого развития", международная научная конференция _f2003 _eХанты-Мансийск _3RU\NLR\AUTH\8810065103 _9631780 |
| 801 | 0 |
_aRU _bNLR _c20050511 _gPSBO |
|
| 801 | 1 |
_aRU _bNLR _c20050511 |
|
| 942 | _cBOOK | ||
| 980 | _aNB | ||